| 000 | 00649nam a2200205Ia 4500 | ||
|---|---|---|---|
| 003 | OSt | ||
| 005 | 20260105133709.0 | ||
| 008 | 008 250505s9999 xx 000 0 eng d | ||
| 037 | _atextbook | ||
| 040 |
_aFEDL _beng _cFEDL |
||
| 041 |
_aeng _2eng |
||
| 082 | _a370, CIE/R | ||
| 245 | 0 | _aSouth Asian conference on education (Novenber 14-18,1999): Education in the South Asian context issues and challenges: Abstracts | |
| 245 | 0 | _cDepartment of Education (Delhi India) | |
| 260 |
_aDelhi, India _bDepartment of Education |
||
| 300 | _a80p. | ||
| 546 | _aGifted | ||
| 942 |
_cTB _h370, CIE/R _2ddc _n0 |
||
| 999 |
_c1393436 _d1393436 |
||